000 00470nam a2200181Ia 4500
001 8982
005 20260306160650.0
008 260306t2005||||xx |||||||||||||| ||spa||
041 _aESP
082 _a372.21
_bG23
100 _aGarcía Franco, Clara Inés
_eAUT
245 0 _aRondas y juegos:
_balternativas de desarrollo social para los niños
260 _c2005
300 _a192 páginas :
_c24 cm.
650 _aGEN
654 _aCED
942 _cLIB
_dJUS
_fJUS
_2ddc
_n
999 _c8982
_d8982